GSM mobilný telefón na platforme Arduino bakalárska práca
Saved in:
| Main Author: | |
|---|---|
| Corporate Author: | |
| Other Authors: | |
| Format: | Book |
| Language: | Slovak |
| Published: |
Bratislava
2023
|
| Tags: |
No Tags, Be the first to tag this record!
|
MARC
| LEADER | 00000nbm a2200000 4500 | ||
|---|---|---|---|
| 001 | 0295117 | ||
| 005 | 20240222125649.6 | ||
| 041 | 0 | |a slo | |
| 044 | |a SK | ||
| 245 | 1 | 0 | |a GSM mobilný telefón na platforme Arduino |b bakalárska práca |c Patrik Matula ; školiteľ: Peter Procházka |
| 264 | 1 | |a Bratislava |c 2023 | |
| 300 | |a 61 s. | ||
| 100 | 1 | |a Matula, Patrik | |
| 700 | 1 | |a Procházka, Peter, 1968- | |
| 710 | 2 | |a Fakulta hospodárskej informatiky EU. Katedra aplikovanej informatiky | |